[Event "17e tournoi de Noël"]
[Site "Montigny le Bretonneux"]
[Date "2016.12.29"]
[Round "6.5"]
[White "Ider, Jargalan"]
[Black "Ibazizen, Abdelatif"]
[Result "0-1"]
[WhiteElo "1537"]
[BlackElo "2021"]
[Annotator "Rivier,Sylvain"]
[PlyCount "76"]
[EventDate "2016.??.??"]

{Ouverture du pion dame, défense est-indienne} 1. d4 Nf6 2. Nf3 g6 3. Bf4 d6 4.
e3 Nh5 5. Bg5 h6 6. Bh4 g5 7. Nfd2 Nf6 8. Bg3 Nbd7 9. Bc4 Bg7 10. c3 e6 11. O-O
Qe7 12. e4 e5 13. Re1 Nf8 14. Qb3 Ng6 15. h3 O-O 16. Nf3 Nh5 17. Bh2 Nhf4 18.
Nbd2 h5 19. dxe5 dxe5 20. Nf1 Qf6 21. N3d2 Nh4 22. Bxf4 gxf4 23. Nf3 Nxf3+ 24.
gxf3 Bxh3 25. Kh1 Qg6 26. Ng3 fxg3 27. fxg3 Qxg3 28. Bf1 Qxf3+ 29. Kh2 Bg4 30.
Qc2 Bh6 31. Qg2 Bf4+ 32. Kh1 Rad8 33. Qxf3 Bxf3+ 34. Bg2 Bxg2+ 35. Kxg2 Rd2+
36. Kf3 Rfd8 37. Rg1+ Kf8 38. Rh1 R8d3# 0-1

[Event "17e tournoi de Noël"]
[Site "Montigny le Bretonneux"]
[Date "2016.12.29"]
[Round "6.6"]
[White "Ribiere, Damien"]
[Black "Plantet, Marc"]
[Result "1-0"]
[WhiteElo "1957"]
[BlackElo "1745"]
[Annotator "Rivier,Sylvain"]
[PlyCount "41"]
[EventDate "2016.??.??"]

{Défense Caro-Kann, variante d'avance} 1. e4 c6 2. d4 d5 3. e5 c5 4. c3 Nc6 5.
Bb5 Bd7 6. Bxc6 Bxc6 7. Ne2 e6 8. O-O Ne7 9. Ng3 Ng6 10. f4 Bb5 11. Rf2 cxd4
12. cxd4 Rc8 13. Nc3 Bd7 14. Be3 Bb4 15. f5 Bxc3 16. fxg6 hxg6 17. bxc3 Qh4 18.
Nf1 Rxc3 19. Qd2 Ra3 20. Bg5 Qe4 21. Qb4 1-0

[Event "17e tournoi de Noël"]
[Site "Montigny le Bretonneux"]
[Date "2016.12.29"]
[Round "6.7"]
[White "Saugrain, Marc-Antoine"]
[Black "Nguyen, Hai Long"]
[Result "1-0"]
[WhiteElo "1821"]
[BlackElo "1567"]
[Annotator "Rivier,Sylvain"]
[PlyCount "55"]
[EventDate "2016.??.??"]

{Défense sicilienne, variante Alapine} 1. e4 c5 2. c3 Nf6 3. e5 Nd5 4. d4 cxd4
5. Nf3 d6 6. cxd4 Nc6 7. Bc4 e6 8. O-O Be7 9. Bxd5 exd5 10. Nc3 dxe5 11. dxe5
Be6 12. Be3 O-O 13. Nb5 a6 14. Nbd4 Nxd4 15. Nxd4 Bd7 16. Qb3 Bc6 17. e6 f5 18.
Rac1 Rc8 19. Nxc6 bxc6 20. Qb7 Qc7 21. Qxa6 f4 22. Bd4 c5 23. b4 c4 24. Qb5
Rfd8 25. Bb6 Qb7 26. a4 Rd6 27. a5 Bd8 28. Qe8# 1-0

[Event "17e tournoi de Noël"]
[Site "Montigny le Bretonneux"]
[Date "2016.12.29"]
[Round "6.8"]
[White "Coquelin, Jonathan"]
[Black "Danzanvilliers, Patrice"]
[Result "1/2-1/2"]
[WhiteElo "1439"]
[BlackElo "1725"]
[Annotator "Rivier,Sylvain"]
[PlyCount "50"]
[EventDate "2016.??.??"]

{Gambit de Budapest, variante principale} 1. d4 Nf6 2. c4 e5 3. dxe5 Ng4 4. Nf3
Bc5 5. e3 Nc6 6. e6 Bb4+ 7. Bd2 dxe6 8. Qc2 Bxd2+ 9. Nbxd2 O-O 10. a3 a5 11.
Bd3 Nf6 12. Nb3 e5 13. Nc5 g6 14. Rd1 Qe7 15. Ne4 Nd7 16. Nc3 Nb6 17. O-O Be6
18. Nb5 Rad8 19. Rd2 f5 20. c5 e4 21. cxb6 exd3 22. Rxd3 Rxd3 23. Qxd3 Rd8 24.
Qc2 cxb6 25. Rd1 Rd5 1/2-1/2

[Event "17e tournoi de Noël"]
[Site "Montigny le Bretonneux"]
[Date "2016.12.29"]
[Round "6.9"]
[White "Artieres, Michel"]
[Black "Houhou, Alexandre"]
[Result "1/2-1/2"]
[WhiteElo "1783"]
[BlackElo "1679"]
[Annotator "Rivier,Sylvain"]
[PlyCount "121"]
[EventDate "2016.??.??"]

{Défense française, variante d'avance} 1. e4 e6 2. d4 d5 3. e5 c5 4. c3 Nc6 5.
Nf3 Qb6 6. a3 c4 7. Nbd2 Na5 8. g3 Bd7 9. h4 Ne7 10. Bh3 Qc7 11. O-O Nc8 12.
Rb1 Nb6 13. Nh2 Ba4 14. Qh5 O-O-O 15. Bg4 Bc2 16. Ra1 g6 17. Qg5 h5 18. Bd1 Bh6
19. Qf6 Bf5 20. Ndf3 Bxc1 21. Rxc1 Nd7 22. Qg5 Qb6 23. Qd2 Nb3 24. Bxb3 Qxb3
25. Ng5 Rdf8 26. Qd1 Nb6 27. Qxb3 cxb3 28. f4 Nc4 29. Rf2 Bc2 30. Rfxc2 bxc2
31. Rxc2 Kd7 32. Nhf3 Ke7 33. Ne1 Rc8 34. Nd3 Rc7 35. Kf2 Rhc8 36. Ke2 b6 37.
Kf3 Nxa3 38. bxa3 Rxc3 39. Rd2 Rxa3 40. Ke2 Rcc3 41. Nf3 b5 42. Nfe1 a5 43. Nc2
Rab3 44. Nc5 Rb2 45. Kd1 Rxg3 46. Kc1 Rgb3 47. Nxb3 Rxb3 48. Ne1 Rb4 49. Nf3 a4
50. Rb2 Rc4+ 51. Kb1 b4 52. Rc2 Kd7 53. Rxc4 dxc4 54. Ng5 Ke7 55. Ne4 f5 56.
exf6+ Kf7 57. Kb2 Kf8 58. Nd6 Kg8 59. f7+ Kf8 60. Kb1 Ke7 61. Kb2 1/2-1/2

[Event "17e tournoi de Noël"]
[Site "Montigny le Bretonneux"]
[Date "2016.12.29"]
[Round "6.10"]
[White "De Lagontrie, Jean"]
[Black "Barthere, Gilles"]
[Result "1-0"]
[WhiteElo "1746"]
[BlackElo "1509"]
[Annotator "Rivier,Sylvain"]
[PlyCount "109"]
[EventDate "2016.??.??"]

{Défense Nimzo-indienne, système Rubinstein} 1. d4 Nf6 2. c4 e6 3. Nc3 Bb4 4.
e3 Ne4 5. Qc2 Nxc3 6. bxc3 Be7 7. Bd3 g6 8. Nf3 d6 9. e4 O-O 10. Bh6 Re8 11. e5
Nd7 12. Rd1 Bf8 13. Bxf8 Rxf8 14. h4 f5 15. exf6 Qxf6 16. h5 Rf7 17. hxg6 hxg6
18. Bxg6 Rg7 19. Nh4 Nf8 20. Be4 c6 21. Qe2 Bd7 22. Rd3 Re8 23. Rf3 Qg5 24. Qe3
e5 25. d5 c5 26. Qxg5 Rxg5 27. Rf6 Rg4 28. f3 Rg5 29. Rxd6 Re7 30. Kf2 Kf7 31.
g4 Ke8 32. Ng6 Rf7 33. Nxf8 Rxf8 34. Rg6 Rxg4 35. Rxg4 Bxg4 36. Kg3 Bd7 37. Rh5
Rg8+ 38. Kf2 Rg7 39. Rxe5+ Kd8 40. d6 b6 41. Rh5 Rg8 42. Ke3 Be6 43. Rh7 a5 44.
Rb7 Rg2 45. Bc6 Kc8 46. d7+ Bxd7 47. Rxd7 Rxa2 48. f4 Rc2 49. Kd3 Rf2 50. Rf7
Rh2 51. f5 Rh3+ 52. Kc2 Rh2+ 53. Kb3 Rh6 54. f6 Rh3 55. Bd7+ 1-0

[Event "17e tournoi de Noël"]
[Site "Montigny le Bretonneux"]
[Date "2016.12.29"]
[Round "6.11"]
[White "Verat-Fayolle, Celian"]
[Black "Bouloc, Roger"]
[Result "1-0"]
[WhiteElo "1704"]
[BlackElo "1413"]
[Annotator "Rivier,Sylvain"]
[PlyCount "35"]
[EventDate "2016.??.??"]

{Défense sicilienne} 1. e4 c5 2. Nf3 Nc6 3. d4 cxd4 4. Nxd4 d6 5. Nc3 Bd7 6.
Bc4 e6 7. O-O Be7 8. Be3 Nf6 9. f4 O-O 10. Qe1 Re8 11. Qg3 Qc8 12. Bb3 Nxd4 13.
Bxd4 Bc6 14. f5 a5 15. fxe6 Kf8 16. Bxf6 gxf6 17. exf7 Rd8 18. Qg8# 1-0

[Event "17e tournoi de Noël"]
[Site "Montigny le Bretonneux"]
[Date "2016.12.29"]
[Round "6.12"]
[White "Mongey, Alain"]
[Black "Ider, Bayar"]
[Result "1-0"]
[WhiteElo "1589"]
[BlackElo "1222"]
[Annotator "Rivier,Sylvain"]
[PlyCount "159"]
[EventDate "2016.??.??"]

{Partie du pion dame} 1. d4 d5 2. Bg5 h6 3. Bh4 Nf6 4. Bxf6 exf6 5. Nf3 Bd6 6.
e3 Be6 7. Bd3 O-O 8. Nbd2 Nc6 9. a3 a5 10. c4 Re8 11. c5 Bf8 12. O-O Rb8 13.
Bb5 Bd7 14. Qa4 Ra8 15. Nb1 Nb8 16. Bxd7 Qxd7 17. Qxd7 Nxd7 18. Nc3 c6 19. Rfb1
Reb8 20. g3 b6 21. b4 axb4 22. axb4 bxc5 23. bxc5 Rxa1 24. Rxa1 Rb3 25. Ne2 g5
26. Kg2 Rb7 27. Ra6 Nb8 28. Ra8 Nd7 29. Nc3 Rc7 30. Na4 Kg7 31. Ra6 Nb8 32. Ra8
Nd7 33. Nd2 f5 34. Nb1 h5 35. Nbc3 Be7 36. Nb6 Nf6 37. Rc8 Rxc8 38. Nxc8 Bd8
39. Na7 Ba5 40. Nd1 Kf8 41. Nxc6 Bc7 42. f3 Ke8 43. Nc3 Kd7 44. Na7 Bb8 45.
Ncb5 Bxa7 46. Nxa7 Ne8 47. Nb5 Kc6 48. Nc3 Nf6 49. Kf2 Nd7 50. h3 Nb8 51. e4
dxe4 52. fxe4 fxe4 53. Nxe4 Kd5 54. Ke3 Nc6 55. Nf6+ Kc4 56. d5 Kxc5 57. dxc6
Kxc6 58. Nxh5 Kd5 59. Nf6+ Ke6 60. Ne4 f6 61. g4 Ke5 62. Ng3 Kd5 63. Nf5 Ke5
64. Ng7 Kd5 65. Nh5 Ke5 66. Ng3 Kd5 67. Nf5 Ke5 68. h4 gxh4 69. Nxh4 Ke6 70.
Kf4 Ke7 71. Kf5 Kf7 72. Ng6 Kg7 73. Ne7 Kf7 74. Nd5 Kg7 75. Nxf6 Kh8 76. g5 Kg7
77. Nh5+ Kf8 78. g6 Kg8 79. Kg5 Kh8 80. Kh6 1-0

[Event "17e tournoi de Noël"]
[Site "Montigny le Bretonneux"]
[Date "2016.12.29"]
[Round "6.13"]
[White "Benahmed, Faycal"]
[Black "Payot, Guillaume"]
[Result "1-0"]
[WhiteElo "1525"]
[BlackElo "1199"]
[Annotator "Rivier,Sylvain"]
[PlyCount "49"]
[EventDate "2016.??.??"]

{Défense Bogo-indienne} 1. d4 Nf6 2. c4 e6 3. Nf3 Bb4+ 4. Nbd2 O-O 5. a3 Bxd2+
6. Nxd2 d5 7. e3 Re8 8. b4 c6 9. Bd3 h6 10. O-O e5 11. dxe5 Rxe5 12. Bb2 Rg5
13. Nf3 Rh5 14. Nd2 Qc7 15. g3 Qd7 16. Bxf6 Qh3 17. Bh4 Re5 18. Re1 g5 19. Qh5
Bg4 20. Qxh6 Bf5 21. Qxg5+ Kf8 22. Bxf5 Qxf5 23. Qh6+ Ke8 24. Qh8+ Kd7 25. Qd8+
1-0

[Event "17e tournoi de Noël"]
[Site "Montigny le Bretonneux"]
[Date "2016.12.29"]
[Round "6.14"]
[White "Longbien, Dominique"]
[Black "Ider, Ariuna"]
[Result "0-1"]
[WhiteElo "1513"]
[BlackElo "1119"]
[Annotator "Rivier,Sylvain"]
[PlyCount "128"]
[EventDate "2016.??.??"]

{Défense scandinave} 1. e4 d5 2. exd5 Qxd5 3. Nc3 Qa5 4. d4 Nf6 5. Nf3 Bg4 6.
Be2 Nc6 7. O-O O-O-O 8. Bd2 Bxf3 9. Bxf3 Nxd4 10. Be3 e5 11. Bg5 Bc5 12. Bg4+
Kb8 13. Bh3 h6 14. Bxf6 gxf6 15. Ne4 f5 16. Nxc5 Qxc5 17. c3 Ne6 18. Qh5 Nf4
19. Qxf5 Nxh3+ 20. Qxh3 Qc6 21. Rad1 Rde8 22. Rd2 Rhg8 23. Rd3 Rg6 24. Rg3 Rxg3
25. Qxg3 Qb5 26. b3 Qa5 27. a4 Rd8 28. h3 Qd5 29. Re1 f6 30. Qh4 Rg8 31. g3 Qd2
32. Rf1 Qxc3 33. Qxf6 Qd4 34. Kh2 Qd3 35. Re1 Qxb3 36. Qxe5 Qxa4 37. Qe6 Rf8
38. Kg1 h5 39. Qe7 Rg8 40. Rc1 Qa5 41. Rd1 a6 42. Qf7 Rh8 43. Rd5 Qe1+ 44. Kg2
Qe4+ 45. Qf3 Qxf3+ 46. Kxf3 b5 47. Ke4 Kb7 48. Kd3 c6 49. Rf5 a5 50. Kc3 Kb6
51. f3 Rh6 52. g4 hxg4 53. hxg4 c5 54. g5 b4+ 55. Kb3 Rh5 56. Ka4 c4 57. Rxa5
b3 58. Rb5+ Kc6 59. Rb4 Kd5 60. g6 Rh8 61. Kb5 b2 62. g7 Rb8+ 63. Ka4 Rxb4+ 64.
Ka5 Rb8 0-1

[Event "17e tournoi de Noël"]
[Site "Montigny le Bretonneux"]
[Date "2016.12.29"]
[Round "6.15"]
[White "Benbakir, Ameur"]
[Black "Sondermeijer, Damien"]
[Result "1-0"]
[WhiteElo "1495"]
[BlackElo "1009"]
[Annotator "Rivier,Sylvain"]
[PlyCount "111"]
[EventDate "2016.??.??"]

{Partie du pion dame} 1. e4 e6 2. Nf3 d5 3. exd5 exd5 4. d4 c5 5. dxc5 Bxc5 6.
Bb5+ Bd7 7. Qd3 a6 8. Bxd7+ Qxd7 9. O-O Ne7 10. Ng5 Qf5 11. Qxf5 Nxf5 12. Re1+
Ne7 13. Nc3 O-O 14. Na4 Bd6 15. Nb6 Ra7 16. Be3 Re8 17. Nxd5 Ra8 18. Nb6 Nbc6
19. Nxa8 Rxa8 20. c3 b5 21. Rad1 Bc7 22. Rd7 Rc8 23. Bc5 h6 24. Bxe7 hxg5 25.
Bxg5 f6 26. Bd2 a5 27. g3 b4 28. Re6 Bb6 29. Rdd6 bxc3 30. Bxc3 Nd8 31. Rxb6
Nxe6 32. Rxe6 a4 33. h4 a3 34. Rb6 Kh7 35. Rb3 axb2 36. Bxb2 Rc2 37. a4 Rc5 38.
Bd4 Ra5 39. Rb4 Rd5 40. Bb6 Rd1+ 41. Kg2 Ra1 42. a5 Kh8 43. Kh3 Kg8 44. Rd4 Kh7
45. Kg4 Kh6 46. Rd6 Kg6 47. h5+ Kh6 48. Be3+ Kh7 49. a6 Ra5 50. a7 Ra4+ 51. f4
Re4 52. a8=Q Rxe3 53. Rxf6 Re7 54. Qf8 Ra7 55. Rd6 Rb7 56. Rd8 1-0

[Event "17e tournoi de Noël"]
[Site "Montigny le Bretonneux"]
[Date "2016.12.29"]
[Round "6.16"]
[White "Alif, Yassine"]
[Black "Fruchard, Alois"]
[Result "0-1"]
[WhiteElo "1445"]
[BlackElo "1174"]
[Annotator "Rivier,Sylvain"]
[PlyCount "76"]
[EventDate "2016.??.??"]

{Défense française, variante d'avance} 1. e4 e6 2. d4 d5 3. e5 c5 4. c3 Nc6 5.
Nf3 Qb6 6. a3 cxd4 7. cxd4 Bd7 8. b4 a6 9. Bb2 Nge7 10. Bd3 g6 11. O-O Bg7 12.
Bc2 O-O 13. Nc3 f5 14. Na4 Qc7 15. Bd3 h6 16. Rc1 g5 17. Qc2 Ng6 18. Nc5 Nf4
19. Rfd1 g4 20. Nd2 Rfc8 21. g3 Nh3+ 22. Kg2 Ng5 23. f3 h5 24. Qb3 Rf8 25. f4
Ne4 26. Bxe4 fxe4 27. Re1 b6 28. Nxd7 Qxd7 29. Qc3 Rac8 30. Nf1 Nxe5 31. Qb3
Nd3 32. Rxc8 Nxe1+ 33. Kf2 Rxc8 34. Kxe1 Qa7 35. Nd2 b5 36. Nxe4 Bxd4 37. Ng5
Bxb2 38. Qxb2 Qg1+ 0-1

[Event "17e tournoi de Noël"]
[Site "Montigny le Bretonneux"]
[Date "2016.12.29"]
[Round "6.17"]
[White "Handichi, Abdelkader"]
[Black "Sondermeijer, Antoine"]
[Result "0-1"]
[WhiteElo "1409"]
[BlackElo "1399"]
[Annotator "Rivier,Sylvain"]
[PlyCount "74"]
[EventDate "2016.??.??"]

{Défense sicilienne, fianchetto accéléré} 1. e4 c5 2. Nf3 Nc6 3. d4 cxd4 4.
Nxd4 g6 5. Nc3 Bg7 6. Nxc6 bxc6 7. Bc4 d6 8. O-O Nf6 9. Re1 Ng4 10. Bd2 Qb6 11.
Qf3 Ne5 12. Qe2 Bg4 13. Qf1 Qxb2 14. Bb3 Qa3 15. Rab1 Qa5 16. Ba4 O-O 17. Rb2
Nf3+ 18. gxf3 Bxc3 19. Bxc3 Qxc3 20. Rb3 Qa5 21. Bxc6 Bh3 22. Qxh3 Qxe1+ 23.
Kg2 Rac8 24. Ba4 Rxc2 25. Qg3 Rxa2 26. Bc6 Ra1 27. Kh3 Rc8 28. Bd5 Qf1+ 29. Kh4
e6 30. Qg4 Qxf2+ 31. Kh3 Ra2 32. Qf4 Qf1+ 33. Kh4 exd5 34. Qxd6 dxe4 35. Rb8
Qf2+ 36. Kg5 h6+ 37. Kxh6 Qh4# 0-1

[Event "17e tournoi de Noël"]
[Site "Montigny le Bretonneux"]
[Date "2016.12.29"]
[Round "6.18"]
[White "Tanchoux, Pierre"]
[Black "Chaintreau, Thomas"]
[Result "1-0"]
[WhiteElo "1311"]
[BlackElo "1099"]
[Annotator "Rivier,Sylvain"]
[PlyCount "67"]
[EventDate "2016.??.??"]

{Défense des deux cavaliers} 1. e4 Nc6 2. Nf3 e5 3. Bc4 h6 4. Nc3 Nf6 5. d4 Bb4
6. Qd3 Bxc3+ 7. bxc3 exd4 8. cxd4 O-O 9. O-O Nb4 10. Qb3 Nc6 11. e5 Na5 12. Qd3
Nxc4 13. Qxc4 d5 14. Qb4 Ne4 15. Re1 Bg4 16. Re3 b6 17. h3 Bf5 18. Nd2 Nxd2 19.
Qxd2 Re8 20. Rg3 Kh8 21. Qf4 Qd7 22. c3 Rac8 23. Qh4 Re6 24. Bg5 Rg6 25. Rd1
Qa4 26. Rd2 Qd7 27. Re2 Qb5 28. Ree3 Qc6 29. Ref3 Be6 30. Bd2 Rxg3 31. Rxg3 Bd7
32. Bg5 Qe6 33. Bf6 Rg8 34. Qxh6# 1-0

[Event "17e tournoi de Noël"]
[Site "Montigny le Bretonneux"]
[Date "2016.12.29"]
[Round "6.19"]
[White "Chaintreau, Maxime"]
[Black "Thomas, Robert"]
[Result "0-1"]
[WhiteElo "1110"]
[BlackElo "1348"]
[Annotator "Rivier,Sylvain"]
[PlyCount "92"]
[EventDate "2016.??.??"]

{Partie du pion dame} 1. d4 Nf6 2. Nc3 e6 3. Nf3 d5 4. Bf4 c6 5. g3 h6 6. Bg2
Bb4 7. O-O Bxc3 8. bxc3 O-O 9. e3 Ne4 10. c4 Nd7 11. Rb1 Nc3 12. Qd3 Nxb1 13.
Bd6 Re8 14. Rxb1 Nf6 15. c5 Ne4 16. Be5 f6 17. Bf4 g5 18. Bd6 Nxd6 19. cxd6
Qxd6 20. Qg6+ Kf8 21. Qxf6+ Kg8 22. Qg6+ Kf8 23. Qxh6+ Ke7 24. Qxg5+ Kd7 25.
Qg7+ Re7 26. Ne5+ Kc7 27. Qf8 b6 28. Nf7 Qd7 29. Ne5 Qd6 30. Nf7 Qa3 31. Rb3
Bb7 32. Qxa8 Qc1+ 33. Bf1 Bxa8 34. Ne5 Qxc2 35. Nd3 Qxa2 36. Rb2 Qa1 37. Re2
Bb7 38. f4 Ba6 39. Re1 Qa4 40. Rb1 Bxd3 41. Bxd3 Kd6 42. h4 Qa3 43. Bh7 Qxe3+
44. Kf1 Rxh7 45. Rb4 Qf3+ 46. Ke1 Qc3+ 0-1

[Event "17e tournoi de Noël"]
[Site "Montigny le Bretonneux"]
[Date "2016.12.30"]
[Round "7.1"]
[White "Fruchard, Cyrille"]
[Black "Benbakir, Chouaib"]
[Result "1-0"]
[WhiteElo "2084"]
[BlackElo "1729"]
[Annotator "Rivier,Sylvain"]
[PlyCount "43"]
[EventDate "2016.??.??"]

{Défense Benoni, attaque des quatre pions} 1. d4 Nf6 2. c4 d6 3. Nc3 g6 4. e4
Bg7 5. f4 O-O 6. Nf3 c5 7. d5 e6 8. Be2 exd5 9. cxd5 Re8 10. e5 dxe5 11. fxe5
Ng4 12. e6 fxe6 13. d6 a6 14. a4 Nc6 15. O-O Nd4 16. Ne4 Qb6 17. Nxd4 Bxd4+ 18.
Kh1 Qc6 19. Qc2 Ne5 20. Nf6+ Kg7 21. Qd2 Nf7 22. Bf3 1-0

[Event "17e tournoi de Noël"]
[Site "Montigny le Bretonneux"]
[Date "2016.12.30"]
[Round "7.2"]
[White "Van Dongen, Patrick"]
[Black "Etrog, Jonathan"]
[Result "1-0"]
[WhiteElo "2311"]
[BlackElo "2247"]
[Annotator "Rivier,Sylvain"]
[PlyCount "41"]
[EventDate "2016.??.??"]

{Défense vieille Benoni} 1. d4 Nf6 2. Nf3 c5 3. d5 e6 4. Nc3 exd5 5. Nxd5 Nxd5
6. Qxd5 Nc6 7. e4 d6 8. Ng5 Qe7 9. Bc4 f6 10. Qf7+ Kd7 11. Nf3 Kc7 12. Bf4 Qxf7
13. Bxf7 f5 14. O-O-O fxe4 15. Ng5 Be7 16. Nxe4 Nd4 17. Rhe1 Rf8 18. Nxc5 Rxf7
19. Rxd4 Kc6 20. Nd3 Bf5 21. Rxe7 1-0

[Event "17e tournoi de Noël"]
[Site "Montigny le Bretonneux"]
[Date "2016.12.30"]
[Round "7.3"]
[White "Tseveendorj, Ider"]
[Black "Ibazizen, Abdelatif"]
[Result "1/2-1/2"]
[WhiteElo "2118"]
[BlackElo "2021"]
[Annotator "Rivier,Sylvain"]
[PlyCount "162"]
[EventDate "2016.??.??"]

{Ouverture du pion dame, défense est-indienne avec fianchetto} 1. d4 Nf6 2. Nf3
g6 3. g3 Bg7 4. Bg2 O-O 5. O-O d6 6. a4 c5 7. Nc3 Nc6 8. dxc5 dxc5 9. Be3 Qa5
10. Qc1 Bf5 11. h3 h5 12. Nb5 Nd5 13. Bd2 Qb6 14. Nh4 Be6 15. Bh6 a6 16. Bxg7
Kxg7 17. c4 Nf6 18. Na3 Nd4 19. Qe3 Rad8 20. b4 cxb4 21. Nc2 b3 22. Nxd4 Qxd4
23. Qxb3 Rb8 24. Qb4 Qxc4 25. Qxe7 Rfe8 26. Qd6 Red8 27. Qe5 Qd4 28. Qg5 Nh7
29. Qa5 b5 30. Nf3 Qd6 31. Qc3+ Kg8 32. Ne5 b4 33. Qb2 b3 34. Nc6 Rb6 35. Nxd8
Qxd8 36. Rfd1 Qe7 37. Rd3 Nf6 38. Rad1 Rb8 39. Rd6 a5 40. Qc3 b2 41. Qxa5 b1=Q
42. Rd8+ Kg7 43. Rxb1 Rxb1+ 44. Kh2 Rb2 45. Rd2 Qb4 46. Qxb4 Rxb4 47. Bc6 Ne4
48. Rd3 Nc5 49. Re3 Nxa4 50. f3 Nb6 51. g4 h4 52. Kg2 Nc8 53. Rd3 Ne7 54. Ba8
Kf6 55. Kf2 g5 56. Rd2 Ng6 57. Be4 Rxe4 58. fxe4 Nf4 59. e3 Nxh3+ 60. Kf3 Ng1+
61. Kg2 Bxg4 62. Kxg1 Bf3 63. Rd4 Ke5 64. Rd7 Bxe4 65. Rxf7 g4 66. Re7+ Kf5 67.
Rf7+ Ke5 68. Re7+ Kf5 69. Re8 g3 70. Rf8+ Kg5 71. Rg8+ Kf5 72. Rf8+ Kg5 73. Rf4
Bc6 74. Rc4 Bb7 75. Rb4 Bc6 76. Rc4 Bb7 77. Ra4 h3 78. Ra2 Bf3 79. Rb2 Kf5 80.
Ra2 Ke4 81. Rg2 hxg2 1/2-1/2

[Event "17e tournoi de Noël"]
[Site "Montigny le Bretonneux"]
[Date "2016.12.30"]
[Round "7.4"]
[White "Fayolle, Guy"]
[Black "Ribiere, Damien"]
[Result "0-1"]
[WhiteElo "1818"]
[BlackElo "1957"]
[Annotator "Rivier,Sylvain"]
[PlyCount "48"]
[EventDate "2016.??.??"]

{Défense Pirc} 1. e4 d6 2. d4 Nf6 3. Nc3 g6 4. Be3 c6 5. Qd2 Nbd7 6. O-O-O b5
7. e5 b4 8. exf6 bxc3 9. Qxc3 Nxf6 10. Qxc6+ Bd7 11. Qf3 Bg7 12. Bc4 O-O 13.
Ne2 Rc8 14. Bd3 Qa5 15. Kb1 Be6 16. a3 Rb8 17. Ka1 Bg4 18. Qg3 Bxe2 19. Bxe2
Ne4 20. Qf3 Rxb2 21. Rd3 Nc3 22. Rxc3 Qxc3 23. Bc1 Qxf3 24. Bxf3 Rxc2 0-1

[Event "17e tournoi de Noël"]
[Site "Montigny le Bretonneux"]
[Date "2016.12.30"]
[Round "7.5"]
[White "Larramendy, Pierre"]
[Black "Saugrain, Marc-Antoine"]
[Result "0-1"]
[WhiteElo "1796"]
[BlackElo "1821"]
[Annotator "Rivier,Sylvain"]
[PlyCount "104"]
[EventDate "2016.??.??"]

{Défense est-indienne, variante Sämisch orthodoxe} 1. d4 Nf6 2. c4 g6 3. Nc3
Bg7 4. e4 d6 5. f3 O-O 6. Be3 e5 7. d5 Na6 8. Nge2 Nd7 9. g4 Ndc5 10. h4 f5 11.
gxf5 gxf5 12. Qd2 f4 13. Bf2 Nb8 14. Nc1 a6 15. b4 Ncd7 16. Nb3 Nf6 17. Bh3
Bxh3 18. Rxh3 Nbd7 19. a4 Nh5 20. Ke2 Rf6 21. Rg1 Kh8 22. Rh2 Qe8 23. Rhg2 Nb6
24. Qd3 Nxa4 25. c5 Nxc3+ 26. Qxc3 Rf8 27. Nd2 b6 28. cxd6 cxd6 29. Rc1 b5 30.
Qc7 Rc8 31. Qxc8 Qxc8 32. Rxc8 Rxc8 33. Rg1 Bh6 34. Kd3 Ng3 35. Bxg3 fxg3 36.
Rxg3 Bxd2 37. Kxd2 Rc4 38. Rg1 Rxb4 39. Rc1 Rd4+ 40. Ke3 Rc4 41. Ra1 Ra4 42.
Rc1 Ra3+ 43. Ke2 b4 44. Rc6 b3 45. Rxd6 a5 46. Rb6 Kg7 47. Rb7+ Kf8 48. Rxh7 a4
49. Rb7 Ra2+ 50. Ke3 b2 51. f4 Ra3+ 52. Kd2 Rb3 0-1

[Event "17e tournoi de Noël"]
[Site "Montigny le Bretonneux"]
[Date "2016.12.30"]
[Round "7.6"]
[White "Houhou, Alexandre"]
[Black "Appavou, Calixte"]
[Result "1-0"]
[WhiteElo "1679"]
[BlackElo "1917"]
[Annotator "Rivier,Sylvain"]
[PlyCount "135"]
[EventDate "2016.??.??"]

{Partie espagnole, défense berlinoise} 1. e4 e5 2. Nf3 Nc6 3. Bb5 d6 4. d4 exd4
5. Nxd4 Bd7 6. O-O Be7 7. Nc3 Nf6 8. Re1 O-O 9. Bf4 Ne5 10. Bxd7 Nfxd7 11. Nd5
Bf6 12. c3 Nb6 13. b3 Nxd5 14. exd5 Ng6 15. Qd2 Qd7 16. Rad1 Rfe8 17. h3 Be5
18. Bxe5 dxe5 19. Nf3 e4 20. Ng5 f5 21. Ne6 Nf8 22. Qf4 Nxe6 23. dxe6 Qxe6 24.
Qxc7 Re7 25. Qd6 Qxd6 26. Rxd6 Rc8 27. c4 Kf7 28. Red1 Rcc7 29. Kf1 a6 30. R1d5
g6 31. Ke2 f4 32. g3 e3 33. gxf4 exf2+ 34. Kxf2 Kg7 35. Kf3 Rf7 36. Kg4 Rce7
37. Rd4 Re3 38. Rd7 Ree7 39. Rxe7 Rxe7 40. Rd6 Rf7 41. c5 Kf8 42. c6 bxc6 43.
Rxc6 Ra7 44. Kg5 Kg7 45. h4 h6+ 46. Kg4 a5 47. h5 gxh5+ 48. Kxh5 a4 49. Rg6+
Kf8 50. Rb6 axb3 51. axb3 Rf7 52. Kg4 Kg7 53. f5 Rd7 54. Rg6+ Kh7 55. Kh5 Rb7
56. Rxh6+ Kg7 57. f6+ Kg8 58. Kg6 Rg7+ 59. Kf5 Rb7 60. Rh3 Rb4 61. Rg3+ Kf7 62.
Rg7+ Kf8 63. Rg3 Kf7 64. Rf3 Rb5+ 65. Ke4 Ke6 66. Kd4 Rb4+ 67. Kc5 Rb8 68. b4
1-0

[Event "17e tournoi de Noël"]
[Site "Montigny le Bretonneux"]
[Date "2016.12.30"]
[Round "7.7"]
[White "Verat-Fayolle, Celian"]
[Black "De Lagontrie, Jean"]
[Result "0-1"]
[WhiteElo "1704"]
[BlackElo "1746"]
[Annotator "Rivier,Sylvain"]
[PlyCount "32"]
[EventDate "2016.??.??"]

{Défense sicilienne, variante Löwenthal} 1. e4 c5 2. Nf3 Nc6 3. d4 cxd4 4. Nxd4
Nf6 5. Nc3 e5 6. Nf5 d5 7. exd5 Bxf5 8. dxc6 bxc6 9. Qf3 Qd7 10. Bg5 e4 11. Qf4
Bd6 12. Qd2 O-O 13. Bxf6 gxf6 14. O-O-O Rfd8 15. Bc4 Qc7 16. Qh6 Bf4+ 0-1

[Event "17e tournoi de Noël"]
[Site "Montigny le Bretonneux"]
[Date "2016.12.30"]
[Round "7.8"]
[White "Danzanvilliers, Patrice"]
[Black "Mongey, Alain"]
[Result "1-0"]
[WhiteElo "1725"]
[BlackElo "1589"]
[Annotator "Rivier,Sylvain"]
[PlyCount "99"]
[EventDate "2016.??.??"]

{Défense sicilienne, attaque yougoslave} 1. e4 c5 2. Nf3 Nc6 3. d4 cxd4 4. Nxd4
g6 5. Nc3 Bg7 6. Be3 Nf6 7. f3 d6 8. Bc4 a6 9. Qd2 Na5 10. Bb3 Nxb3 11. axb3
Bd7 12. O-O O-O 13. Qf2 b5 14. Rfd1 Qc7 15. Nd5 Nxd5 16. exd5 e5 17. dxe6 fxe6
18. Qd2 d5 19. c3 Be5 20. h3 Bf4 21. Ne2 Bxe3+ 22. Qxe3 Rf5 23. f4 Qa7 24. Nd4
Rf6 25. Re1 Raf8 26. g3 Bc8 27. Nf3 Qxe3+ 28. Rxe3 e5 29. Nxe5 Bxh3 30. g4 Bxg4
31. Nxg4 Rxf4 32. Rg3 d4 33. cxd4 Rxd4 34. Rxa6 Rd1+ 35. Kg2 Rff1 36. Ra8+ Kg7
37. Ra7+ Kg8 38. Rc3 Rg1+ 39. Kf3 Rgf1+ 40. Nf2 Rd8 41. Kg2 Re1 42. Rcc7 Ree8
43. Rg7+ Kh8 44. Rxh7+ Kg8 45. Rag7+ Kf8 46. Rxg6 Rd5 47. Rhg7 Ree5 48. Rg8+
Kf7 49. R6g7+ Kf6 50. Ng4+ 1-0